000 00498nam a2200193Ia 4500
003 GCL
008 140319s9999 xx 000 0 eng d
040 _aGCL /
_cGCL
082 0 4 _a536.57
_bW H
100 1 _aWILLANDER, M
245 1 0 _aHIGH TEMPERATURE ELECTRONICS /
_cWILLANDER, M
700 1 _aHARTNAGEL, H.L
260 _a[S.N] :
_bCHAPMAN & HALL ،
_c1997
300 _a322 P
650 0 4 _aHIGH TEMPERATURES
650 0 4 _aPHYSICS
650 0 4 _aHEAT RESISTANT MATERIALS
942 _2ddc
_cBK
999 _c16001
_d16001